[Event "2nd League CS-East 2011"]
[Site "Pozarevac"]
[Date "2011.10.15"]
[Round "9.11"]
[White "Biljanic, Ljubomir"]
[Black "Nikolic, Stanimir"]
[Result "1-0"]
[WhiteElo "2297"]
[BlackElo "2277"]
[PlyCount "0"]
[EventDate "2011.09.11"]

1.d4 d5 2.c4 c6 3.Nc3 Nf6 4.e3 e6 5.Nf3 Nbd7 6.Be2 Bd6 7.O-O
O-O 8.b3 Qe7 9.e4 Nxe4 10.Nxe4 dxe4 11.Ng5 h6 12.Nxe4 Bxh2+ 13.Kxh2
Qh4+ 14.Kg1 Qxe4 15.Ba3 Re8 16.Rc1 Nf6 17.Rc3 Rd8 18.Re3 Qf4
19.Qa1 Qc7 20.Bb2 Ne8 21.Qc1 Nd6 22.Rd1 Nf5 23.Re4 b6 24.g4 Nd6
25.Re3 Bb7 26.Qc3 Ne8 27.Rh3 f6 28.Qe3 Qf7 29.Bd3 c5 30.dxc5
bxc5 31.Qxc5 Rd6 32.Re1 Rad8 33.Ree3 a6 34.Bc3 Ba8 35.Qh5 Qxh5
36.gxh5 e5 37.c5 Rc6 38.Ba5 Rd4 39.Bb6 a5 40.a3 Nc7 41.Bc4+ Kf8
42.Bxa5 Ke8 43.Bb6 Ke7 44.Rd3 Rxc4 45.bxc4 Ne6 46.Rhg3 Rc8 47.a4
Nxc5 48.Rxg7+ Ke6 49.Bxc5 Rxc5 50.Rc3 Ra5 51.Ra3 Bc6 52.Rc7 Kd6
53.Rh7 Kc5 54.Rxh6 Be8 55.Rxf6 Bxh5 56.Rf5 Kb4 57.Re3 Bd1 58.Rfxe5
Rxa4 59.c5 1-0

[Event "2nd League CS-East 2011"]
[Site "Pozarevac"]
[Date "2011.10.15"]
[Round "9.12"]
[White "Rajkovic, Ljubisa"]
[Black "Kajganovic, Miodrag"]
[Result "1/2-1/2"]
[WhiteElo "2184"]
[BlackElo "2270"]
[PlyCount "0"]
[EventDate "2011.09.11"]

1.d4 c6 2.e4 d6 3.c4 e5 4.Nc3 Nd7 5.Be3 Ngf6 6.d5 Be7 7.f3 O-O
8.g4 a6 9.Qd2 cxd5 10.cxd5 b5 11.Nge2 Nb6 12.b3 Ne8 13.Ng3 g6
14.Bd3 b4 15.Nd1 a5 16.O-O Rb8 17.Nb2 Ng7 18.Kh1 Bd7 19.Rg1 Kh8
20.Rac1 Rc8 21.Rxc8 Nxc8 22.Nc4 Bh4 23.Bh6 Rg8 24.Be3 Rf8 25.Bh6 1/2-1/2

[Event "2nd League CS-East 2011"]
[Site "Pozarevac"]
[Date "2011.10.15"]
[Round "9.13"]
[White "Vulicevic, Bratimir"]
[Black "Milunovic, Toni"]
[Result "1/2-1/2"]
[WhiteElo "2146"]
[BlackElo "2283"]
[PlyCount "0"]
[EventDate "2011.09.11"]

1.d4 g6 2.c4 Bg7 3.Nc3 d6 4.Nf3 a6 5.g3 c6 6.a4 a5 7.Bg2 Na6
8.O-O Nf6 9.e4 Bg4 10.h3 Bxf3 11.Bxf3 Nd7 12.Be3 O-O 13.Bg2 e5
14.Ne2 Qe7 15.Qd2 Nb4 16.Rad1 exd4 17.Bxd4 Bxd4 18.Qxd4 Nc5 19.Nc3
Rad8 20.f4 f6 21.h4 Qf7 22.Rf2 Nb3 23.Qb6 Qxc4 24.Bf1 Qf7 25.Bg2 1/2-1/2

[Event "2nd League CS-East 2011"]
[Site "Pozarevac"]
[Date "2011.10.15"]
[Round "9.14"]
[White "Rajkovic, Aleksandar"]
[Black "Radosavljevic, Novica"]
[Result "1-0"]
[WhiteElo "2132"]
[BlackElo "2119"]
[PlyCount "0"]
[EventDate "2011.09.11"]

1.Nf3 d6 2.e4 e5 3.d4 Nf6 4.dxe5 Nxe4 5.Bd3 Nc5 6.Bg5 Be7 7.Bxe7
Qxe7 8.O-O O-O 9.exd6 Qxd6 10.Bc4 Qxd1 11.Rxd1 Nc6 12.Nc3 Bg4
13.Bd5 Nb4 14.a3 Nxd5 15.Nxd5 c6 16.Ne3 Bxf3 17.gxf3 Rad8 18.Kf1
Ne6 19.c3 Rxd1+ 20.Rxd1 Rd8 21.Rxd8+ Nxd8 22.Ke2 Kf8 23.Kd3 g6
24.f4 Ke7 25.f5 Kf6 26.fxg6 hxg6 27.f4 Ne6 28.Ke4 Nc5+ 29.Kd4
Nb3+ 30.Kd3 g5 31.fxg5+ Kxg5 32.Ke4 Nc5+ 33.Kd4 Nd7 34.Ke4 Nc5+
35.Kd4 Nb3+ 36.Ke5 f6+ 37.Kd6 Kf4 38.Ng2+ Kf3 39.h4 Kg4 40.Kc7
Nc5 41.b4 Ne4 42.Kxb7 Kf3 43.Ne1+ Ke2 44.Ng2 Kf3 45.Ne1+ Ke2
46.Nc2 Kd3 47.Nd4 c5 48.bxc5 Nxc5+ 49.Kxa7 Kxc3 50.h5 Ne4 51.Nf3
f5 52.h6 Nf6 53.Kb7 f4 54.Kc6 Kd3 55.a4 Ke4 56.Nh4 1-0

[Event "2nd League CS-East 2011"]
[Site "Pozarevac"]
[Date "2011.10.15"]
[Round "9.16"]
[White "Njegic, Vladimir"]
[Black "Dinic, Miodrag"]
[Result "1-0"]
[WhiteElo "2105"]
[BlackElo "2120"]
[PlyCount "0"]
[EventDate "2011.09.11"]

1.d4 d5 2.c4 Nc6 3.e3 e5 4.dxe5 d4 5.exd4 Qxd4 6.Qxd4 Nxd4 7.Bd3
Be6 8.Nf3 Nxf3+ 9.gxf3 O-O-O 10.Ke2 Ne7 11.Bg5 h6 12.Bxe7 Bxe7
13.f4 Rd4 14.Nc3 Bxc4 15.Bxc4 Rxc4 16.Nd5 Re8 17.Rac1 Rxc1 18.Rxc1
c6 19.Kd3 Kb8 20.Nxe7 Rxe7 21.Ke4 Kc8 22.f5 g6 23.Rg1 gxf5+ 24.Kxf5
Kd7 25.Rg7 Ke8 26.Rg8+ Kd7 27.Rf8 c5 28.f4 c4 29.Kf6 Re6+ 30.Kxf7
Re7+ 31.Kg6 b5 32.Kf5 a5 33.Ra8 b4 34.Ke4 Ke6 35.f5+ Kf7 36.Rc8 1-0

[Event "2nd League CS-East 2011"]
[Site "Pozarevac"]
[Date "2011.10.15"]
[Round "9.17"]
[White "Rakic, Ivan"]
[Black "Kostic, Tomislav"]
[Result "1/2-1/2"]
[WhiteElo "2123"]
[BlackElo "1765"]
[PlyCount "0"]
[EventDate "2011.09.11"]

1.d4 Nf6 2.c4 e6 3.Nf3 Bb4+ 4.Bd2 Bxd2+ 5.Qxd2 O-O 6.Nc3 d5 7.e3
Nbd7 8.O-O-O b6 9.cxd5 exd5 10.Ne5 Bb7 11.Bb5 Nxe5 12.dxe5 Ne4
13.Nxe4 dxe4 14.Qc3 Qg5 15.h4 Qf5 16.Rd2 c6 17.Bc4 b5 18.Bb3
c5 19.Bc2 Rfc8 20.f4 a5 21.Bd1 b4 22.Qc4 Ba6 23.Qd5 Bd3 24.g4
Qe6 25.Qxe6 fxe6 26.Ba4 Rc7 27.b3 Rac8 28.Kb2 Kf7 29.h5 Ke7 30.f5
h6 31.Rf2 Rf8 32.Rhh2 Rcc8 33.Rf4 Rf7 34.Rhf2 Rcf8 35.Bc6 Rd8
36.f6+ gxf6 37.exf6+ Kd6 38.Ba4 Rc8 39.a3 Ke5 40.axb4 cxb4 41.g5
Rfc7 42.g6 1/2-1/2

[Event "2nd League CS-East 2011"]
[Site "Pozarevac"]
[Date "2011.10.15"]
[Round "9.21"]
[White "Jovic, Stanoje"]
[Black "Radosavljevic, Slobodan D"]
[Result "1/2-1/2"]
[WhiteElo "2334"]
[BlackElo "2248"]
[PlyCount "0"]
[EventDate "2011.09.11"]

1.c4 c5 2.Nf3 Nf6 3.Nc3 Nc6 4.g3 g6 5.Bg2 Bg7 6.O-O O-O 7.d4
cxd4 8.Nxd4 Nxd4 9.Qxd4 d6 10.Bg5 h6 1/2-1/2

[Event "2nd League CS-East 2011"]
[Site "Pozarevac"]
[Date "2011.10.15"]
[Round "9.41"]
[White "Petkovic, Dragoslav"]
[Black "Devetak, Dusan"]
[Result "1/2-1/2"]
[WhiteElo "2194"]
[BlackElo "2204"]
[PlyCount "0"]
[EventDate "2011.09.11"]

1.e4 d6 2.d4 Nf6 3.Nd2 g6 4.Ngf3 Bg7 5.Be2 O-O 6.O-O c6 7.Re1
Nbd7 8.c3 e5 9.Bf1 Re8 10.Qc2 Qc7 11.a4 a5 12.h3 b6 13.Nc4 Ba6
14.dxe5 dxe5 1/2-1/2

[Event "2nd League CS-East 2011"]
[Site "Pozarevac"]
[Date "2011.10.15"]
[Round "9.42"]
[White "Dodic, Dragan"]
[Black "Puzic, Slobodan"]
[Result "1/2-1/2"]
[WhiteElo "2136"]
[BlackElo "2138"]
[PlyCount "0"]
[EventDate "2011.09.11"]

1.d4 d5 2.c4 c6 3.Nc3 Nf6 4.Nf3 a6 5.c5 Nbd7 6.Bf4 g6 7.e3 Bg7
8.Bd3 O-O 9.h3 Re8 10.Bh2 Nh5 11.g4 Nhf6 12.Qc2 b6 13.cxb6 Qxb6
14.O-O-O Qa5 15.Qa4 Qb6 16.Qa3 Bf8 1/2-1/2

[Event "2nd League CS-East 2011"]
[Site "Pozarevac"]
[Date "2011.10.15"]
[Round "9.44"]
[White "Tosic, Branislav"]
[Black "Nikolic, Vojislav B"]
[Result "1-0"]
[WhiteElo "2244"]
[BlackElo "1962"]
[PlyCount "0"]
[EventDate "2011.09.11"]

1.d4 Nf6 2.c4 c6 3.Nf3 d5 4.Nc3 e6 5.g3 Bd6 6.Bg2 O-O 7.O-O Nbd7
8.Nd2 Re8 9.e4 Nxe4 10.Ndxe4 dxe4 11.Nxe4 Be7 12.Be3 Nf6 13.Nc3
Qa5 14.a3 Rd8 15.Qe2 Qc7 16.Bf4 Bd6 17.Bg5 Be7 18.Rfd1 h6 19.Be3
b6 20.Bf4 Bd6 21.Nb5 cxb5 22.Bxd6 Rxd6 23.Bxa8 bxc4 24.Bg2 b5
25.Qe5 Qd7 26.Rac1 Nd5 27.a4 a6 28.axb5 axb5 29.Ra1 Nb6 30.Ra5
b4 31.Qc5 b3 32.h3 g6 33.Rda1 Qd8 34.Rb5 Kh7 35.Ra7 Kg7 36.Rc7
Na4 37.Qe5+ Kg8 38.Rxc8 1-0

[Event "2nd League CS-East 2011"]
[Site "Pozarevac"]
[Date "2011.10.15"]
[Round "9.45"]
[White "Ilic, Stefan B"]
[Black "Floricelovic, Milos"]
[Result "1/2-1/2"]
[WhiteElo "1774"]
[BlackElo "2067"]
[PlyCount "0"]
[EventDate "2011.09.11"]

1.e4 c5 2.Nc3 Nc6 3.Bb5 d6 4.Bxc6+ bxc6 5.f4 d5 6.d3 g6 7.Nf3
Bg7 8.O-O Nh6 9.Qe1 e6 10.f5 O-O 11.Bg5 f6 12.Bxh6 Bxh6 13.fxg6
hxg6 14.Qh4 Kg7 15.Na4 Rh8 16.Qe1 Qe7 17.Qc3 Rb8 18.Rae1 Rb5
19.e5 f5 20.d4 c4 21.b3 cxb3 22.cxb3 Bd7 23.Re2 g5 24.Ne1 g4
25.Nd3 Bg5 26.Nac5 Be8 27.Nf4 1/2-1/2

[Event "2nd League CS-East 2011"]
[Site "Pozarevac"]
[Date "2011.10.15"]
[Round "9.51"]
[White "Delchev, Aleksander"]
[Black "Pavlovic, Dean"]
[Result "1-0"]
[WhiteElo "2620"]
[BlackElo "2287"]
[PlyCount "0"]
[EventDate "2011.09.11"]

1.Nf3 d5 2.c4 c6 3.e3 Nf6 4.Nc3 e6 5.b3 Be7 6.Bb2 Nbd7 7.d4 b6
8.Bd3 Bb7 9.O-O O-O 10.Qe2 c5 11.cxd5 Nxd5 12.Nxd5 Bxd5 13.e4
Bb7 14.Rfd1 Nf6 15.dxc5 Bxc5 16.Ng5 h6 17.Bc2 Qe7 18.e5 Nd5 19.Ne4
Ba3 20.Bxa3 Qxa3 21.Nd6 Rab8 22.Qd3 g6 23.Qg3 Kg7 24.Be4 Ba8
25.Bxd5 Bxd5 26.Qf4 Rbd8 27.Qf6+ Kh7 28.h4 h5 29.Qe7 Kg8 30.Rac1
Qb4 31.Qf6 Rd7 32.Rd3 Kh7 33.Rdc3 Qg4 34.f3 Qd4+ 35.Kh1 Rxd6
36.Rc8 Rdd8 37.Rxd8 Rxd8 38.Qxd8 Qxe5 39.Qg5 Qb8 40.Qf6 a5 1-0

[Event "2nd League CS-East 2011"]
[Site "Pozarevac"]
[Date "2011.10.15"]
[Round "9.52"]
[White "Panic, Milan"]
[Black "Nestorovic, Lazar"]
[Result "1-0"]
[WhiteElo "2265"]
[BlackElo "2397"]
[PlyCount "0"]
[EventDate "2011.09.11"]

1.d4 Nf6 2.c4 e6 3.Nc3 Bb4 4.e3 d6 5.Bd3 O-O 6.Nge2 e5 7.O-O
Re8 8.Bd2 c6 9.Qc2 Ba5 10.Rad1 Bg4 11.f3 Bh5 12.e4 Nbd7 13.Be3
exd4 14.Nxd4 d5 15.Nf5 Ne5 16.cxd5 cxd5 17.Bc5 Re6 18.Nxd5 Nfd7
19.Nf4 1-0

[Event "2nd League CS-East 2011"]
[Site "Pozarevac"]
[Date "2011.10.15"]
[Round "9.53"]
[White "Trickovic, Borivoje"]
[Black "Kalcic, Krsta"]
[Result "1-0"]
[WhiteElo "2211"]
[BlackElo "2238"]
[PlyCount "0"]
[EventDate "2011.09.11"]

1.d4 d5 2.g3 Nf6 3.Bg2 c6 4.Nf3 Bg4 5.c4 e6 6.Nbd2 Nbd7 7.h3
Bh5 8.O-O Bd6 9.b3 O-O 10.Bb2 Qb8 11.Nh4 e5 12.cxd5 cxd5 13.dxe5
Bxe5 14.Bxe5 Qxe5 15.Ndf3 Qb2 16.g4 Bg6 17.Nxg6 hxg6 18.g5 Nh5
19.Qxd5 Nb6 20.Qd2 Qa3 21.e3 Rad8 22.Qc2 Rd5 23.Rfd1 Rc5 24.Qe4
Rfc8 25.h4 Rc2 26.Rd8+ Kh7 27.Rxc8 Rxc8 28.Qxb7 Rc2 29.Rf1 Qxa2
30.Nd4 Rd2 31.Qxf7 Ng3 32.h5 Nxh5 33.Be4 1-0

[Event "2nd League CS-East 2011"]
[Site "Pozarevac"]
[Date "2011.10.15"]
[Round "9.54"]
[White "Rajkovic, Branislav"]
[Black "Mincic, Srbislav"]
[Result "1-0"]
[WhiteElo "2172"]
[BlackElo "2288"]
[PlyCount "0"]
[EventDate "2011.09.11"]

1.e4 e5 2.Nf3 Nf6 3.d4 Nxe4 4.Bd3 Nc6 5.O-O d5 6.c4 Nxd4 7.Nxe5
Be6 8.Re1 Nc5 9.cxd5 Qxd5 10.Nc3 Qd6 11.Nb5 Nxb5 12.Bxb5+ c6
13.Qf3 O-O-O 14.Bf4 Qd5 15.Qa3 cxb5 16.Qxa7 Bd6 17.Rac1 g5 18.Be3
f6 19.Bxc5 fxe5 20.Bxd6+ Kd7 21.Rc7+ Kxd6 22.Qb6+ Qc6 23.Rxc6+
bxc6 24.Qe3 Bd5 25.Qxe5+ Kc5 26.Qe3+ Kd6 1-0

[Event "2nd League CS-East 2011"]
[Site "Pozarevac"]
[Date "2011.10.15"]
[Round "9.56"]
[White "Stojanovic, Dusan"]
[Black "Kostic, Stefan"]
[Result "1-0"]
[WhiteElo "2166"]
[BlackElo "1950"]
[PlyCount "0"]
[EventDate "2011.09.11"]

1.c4 Nf6 2.Nc3 g6 3.e4 e5 4.g3 Bg7 5.Bg2 O-O 6.Nge2 Nc6 7.d3
d6 8.h3 Nd7 9.Be3 Nc5 10.d4 exd4 11.Nxd4 Ne5 12.Bf1 Re8 13.Be2
Ne6 14.Qd2 Nxd4 15.Bxd4 Be6 16.b3 Qf6 17.Bxe5 Qxe5 18.Rc1 c6
19.Kf1 f5 20.exf5 Bxf5 21.Bf3 Rf8 22.Kg2 Qf6 23.g4 Bd7 24.Qd3
h5 25.Ne4 Qf4 26.Rcf1 hxg4 27.hxg4 Bxg4 28.Bxg4 Qxg4+ 29.Ng3
Be5 30.Rh6 Rf6 31.Rfh1 Raf8 32.Rh8+ Kf7 33.R1h7+ Ke6 34.Rxf8
Rxf8 35.Rxb7 Rh8 36.Qe4 Qxe4+ 37.Nxe4 d5 38.cxd5+ Kxd5 39.Ng3
a5 40.Ra7 Bc3 41.Re7 Kc5 42.Re4 Rd8 43.Rc4+ Kb5 44.Rxc3 Rd2 45.a3
Ra2 46.a4+ Kb4 47.Rxc6 Kxb3 48.Ne4 Kb4 49.Rxg6 Rxa4 1-0

[Event "2nd League CS-East 2011"]
[Site "Pozarevac"]
[Date "2011.10.15"]
[Round "9.61"]
[White "Livaja, Mario"]
[Black "Djokic, Nebojsa"]
[Result "1/2-1/2"]
[WhiteElo "2228"]
[BlackElo "2203"]
[PlyCount "0"]
[EventDate "2011.09.11"]

1.d4 Nf6 2.Bg5 g6 3.Bxf6 exf6 4.e3 Bg7 5.g3 O-O 6.Bg2 d5 7.Ne2
c6 8.O-O h5 9.c4 dxc4 10.Qc2 Nd7 11.Qxc4 Nb6 12.Qc2 f5 13.Nbc3
h4 14.Rfd1 Be6 15.Nf4 Bh6 16.Nxe6 fxe6 17.Qb3 Qf6 18.a4 Rf7 19.a5
Nd5 20.Nxd5 cxd5 21.Rac1 Raf8 22.a6 Qe7 23.axb7 Qxb7 24.Qxb7
Rxb7 25.Rc6 Kf7 26.Ra1 hxg3 27.hxg3 Rfb8 28.Raa6 Re7 29.Ra2 Rb4
30.Rca6 Reb7 31.Rxa7 Rxb2 1/2-1/2

[Event "2nd League CS-East 2011"]
[Site "Pozarevac"]
[Date "2011.10.15"]
[Round "9.63"]
[White "Ristic, Milan"]
[Black "Zivanovic, Nenad"]
[Result "1/2-1/2"]
[WhiteElo "2113"]
[BlackElo "2185"]
[PlyCount "0"]
[EventDate "2011.09.11"]

1.d4 Nf6 2.c4 e6 3.Nc3 d5 4.Nf3 Be7 5.Bg5 Nbd7 6.e3 b6 7.cxd5
exd5 8.Qc2 Bb7 9.Bd3 O-O 10.Ne5 h6 11.Nxd7 Qxd7 12.h4 Rfe8 13.Bf4
Bd6 14.Bxd6 cxd6 15.Bf5 Qc6 16.g4 Ne4 17.Nxe4 dxe4 18.Qxc6 Bxc6
19.g5 g6 20.Bh3 hxg5 21.hxg5 Re7 22.Kd2 Kg7 23.Rac1 Bd5 24.a3
Rh8 25.Bg2 Rxh1 26.Rxh1 Rc7 27.Rh4 Re7 28.Rf4 Bb7 29.Bh3 Re8
30.Rf6 Rd8 31.Bg4 Bd5 32.Kc3 Kf8 33.Kb4 Ke7 34.Kb5 Bb7 35.f3
exf3 36.Bxf3 d5 37.Rf4 Rc8 38.e4 Rc2 39.exd5 Rxb2+ 40.Kc4 Bc8
41.Rf6 Bf5 42.d6+ Kd7 43.Bd5 Ra2 44.Bxf7 Rxa3 45.Bxg6 Bxg6 46.Rxg6
Ra5 47.Kd3 b5 48.Rf6 b4 49.g6 Rg5 50.Kc4 a5 51.d5 Rg2 52.Re6
Rc2+ 53.Kb3 Rg2 54.Kc4 Rc2+ 55.Kb3 Rg2 56.Ka4 Ra2+ 57.Kb3 Rg2
58.Kc4 Rc2+ 1/2-1/2

[Event "2nd League CS-East 2011"]
[Site "Pozarevac"]
[Date "2011.10.15"]
[Round "9.64"]
[White "Madjar, Stanislav"]
[Black "Ostojic, Nikola M"]
[Result "1-0"]
[WhiteElo "2173"]
[BlackElo "2081"]
[PlyCount "0"]
[EventDate "2011.09.11"]

1.c4 c6 2.e4 d5 3.exd5 cxd5 4.cxd5 Nf6 5.Bb5+ Bd7 6.Bc4 b5 7.Bb3
Bg4 8.Nf3 Nbd7 9.h3 Bh5 10.Qe2 Qb6 11.Nc3 a6 12.d4 h6 13.O-O
g5 14.g4 Nxg4 15.hxg4 Bxg4 16.Qe3 Bg7 17.Re1 O-O 18.Ne5 Nxe5
19.dxe5 Qg6 20.Qg3 Qh5 21.Qh2 Bh3 22.Bd1 g4 23.Bf4 Qf5 24.Rc1
h5 25.Bc2 Qd7 26.Qg3 b4 27.Qd3 Rfc8 28.Qh7+ Kf8 29.Bh6 1-0

[Event "2nd League CS-East 2011"]
[Site "Pozarevac"]
[Date "2011.10.15"]
[Round "9.65"]
[White "Djordjevic, Danilo"]
[Black "Ilic, Aleksandar"]
[Result "1/2-1/2"]
[WhiteElo "1947"]
[BlackElo "2138"]
[PlyCount "0"]
[EventDate "2011.09.11"]

1.e4 c5 2.c3 Nf6 3.e5 Nd5 4.d4 cxd4 5.Nf3 e6 6.cxd4 d6 7.Nc3
Nxc3 8.bxc3 Qc7 9.Bd2 Nd7 10.exd6 Bxd6 11.Bd3 b6 12.Ng5 Nf6 13.Ne4
Nxe4 14.Bxe4 Bb7 15.Qa4+ Ke7 16.Bxb7 Qxb7 17.O-O Rhc8 18.Qc2
Qd5 19.Qd3 1/2-1/2

[Event "2nd League CS-East 2011"]
[Site "Pozarevac"]
[Date "2011.10.15"]
[Round "9.66"]
[White "Djukic, Slobodan D"]
[Black "Bozilov, Dragan"]
[Result "1-0"]
[WhiteElo "2176"]
[BlackElo "1887"]
[PlyCount "0"]
[EventDate "2011.09.11"]

1.e4 c6 2.d4 d5 3.e5 Bf5 4.Nc3 e6 5.g4 Bg6 6.Nge2 c5 7.Be3 Nc6
8.Qd2 cxd4 9.Nxd4 Bb4 10.a3 Bxc3 11.Qxc3 Nge7 12.Nxc6 bxc6 13.O-O-O
O-O 14.h4 h5 15.f3 Qd7 16.Bc5 Rfb8 17.Ba6 Rb6 18.Bd3 Bxd3 19.Qxd3
Rb5 20.Qe3 Rab8 21.b3 Ng6 22.gxh5 Nxe5 23.Qxe5 f6 24.Qd6 Qe8
25.h6 Qg6 26.hxg7 Qf5 27.Qf8+ 1-0

[Event "2nd League CS-East 2011"]
[Site "Pozarevac"]
[Date "2011.10.15"]
[Round "9.67"]
[White "Bozilov, Novica"]
[Black "Jenic, Aleksandar"]
[Result "1-0"]
[WhiteElo "2027"]
[BlackElo "1888"]
[PlyCount "0"]
[EventDate "2011.09.11"]

1.Nf3 Nf6 2.g3 g6 3.Bg2 Bg7 4.O-O d5 5.d4 O-O 6.c4 c5 7.dxc5
dxc4 8.Na3 Nc6 9.Nxc4 Ne4 10.Qxd8 Rxd8 11.Be3 Be6 12.Nfd2 Nxd2
13.Nxd2 Bxb2 14.Rab1 Bc3 15.Rxb7 Bxd2 16.Bxd2 Rxd2 17.Bxc6 Rc8
18.Bf3 Rxc5 19.Rxa7 Rxa2 20.Rxe7 Kf8 21.Rb7 Bd5 22.Bxd5 Rxd5
23.e3 Rdd2 24.h4 h5 25.Rb4 Kg7 26.Rf4 f6 27.Rb1 Rab2 28.Rxb2
Rxb2 29.Kg2 Kf7 30.Ra4 f5 31.Ra7+ Kf6 32.Ra6+ Kf7 33.Kf3 Rc2
34.Rd6 Rb2 35.Rd4 Ra2 36.e4 Ke6 37.exf5+ Kxf5 38.Rd5+ Ke6 39.Rb5
Kf6 40.Rb4 Kf5 41.Rb5+ Ke6 42.Rb3 Kf5 43.Ke3 Rc2 44.f3 Ra2 45.Rc3
Rb2 46.Rc5+ Kf6 47.Rd5 Ra2 48.Ke4 Ke6 49.Rd4 Ra6 50.Kf4 Kf6 51.g4
hxg4 52.Kxg4 Rb6 53.Rc4 Ra6 54.Rf4+ Kg7 55.Rb4 Kf6 56.Kf4 Rc6
57.Ke4 Ra6 58.f4 Rc6 59.Kf3 Ra6 60.Kg4 Rc6 61.Rb8 Ra6 62.Rb5
Rc6 63.h5 gxh5+ 64.Rxh5 Rc8 65.Rh6+ Kg7 66.Ra6 Rc4 67.Kf5 Rc5+
68.Kg4 Rc4 69.Kg5 Rc5+ 70.f5 Rc7 71.Rg6+ Kf7 72.Ra6 Rc1 73.Ra7+
Kg8 1-0